[Event "Crawley e2e4 Gatwick op"]
[Site "Crawley"]
[Date "2013.10.29"]
[Round "7"]
[White "Seps, Monika"]
[Black "Rudd, Jack"]
[Result "0-1"]
[WhiteElo "2260"]
[BlackElo "2230"]
[PlyCount "80"]
[EventDate "2013.10.26"]
[EventType "swiss"]
[EventRounds "9"]
[EventCountry "ENG"]
[SourceTitle "EXT 2014"]
[Source "ChessBase"]
[SourceDate "2013.11.20"]
[SourceVersion "1"]
[SourceVersionDate "2013.11.20"]
[SourceQuality "1"]

1. d4 Nf6 2. Nf3 e6 3. Bg5 c5 4. e3 b6 5. d5 exd5 6. Nc3 Bb7 7. Bxf6 Qxf6 8. Nxd5 Qxb2 9. Nc7+ Kd8 10. Nxa8 Qc3+ 11. Nd2 Bxa8 12. Rb1 Bd5 13. Be2 Bxg2 14. Rg1 Bd5 15. Kf1 Nc6 16. Nb3 Be6 17. Rg3 Kc7 18. a4 Bd6 19. f4 g5 20. e4 Qf6 21. Kg1 gxf4 22. Rd3 Be5 23. Nd2 Rg8+ 24. Kh1 c4 25. Nxc4 Qg5 26. Bf3 Bxc4 27. Rxd7+ Kc8 28. a5 b5 29. Rd2 Qh4 30. Rg2 Rxg2 31. Kxg2 Nd4 32. c3 Nxf3 33. Qxf3 h5 34. Kh1 Qg4 35. Qf2 Be2 36. Qc5+ Bc7 37. Qf8+ Kb7 38. a6+ Kb6 39. Qh6+ Kc5 40. Qf8+ Bd6 0-1

[Event "Crawley e2e4 Gatwick op"]
[Site "Crawley"]
[Date "2013.10.29"]
[Round "6"]
[White "Wadsworth, Matthew J"]
[Black "Seps, Monika"]
[Result "1-0"]
[WhiteElo "2185"]
[BlackElo "2260"]
[PlyCount "83"]
[EventDate "2013.10.26"]
[EventType "swiss"]
[EventRounds "9"]
[EventCountry "ENG"]
[SourceTitle "EXT 2014"]
[Source "ChessBase"]
[SourceDate "2013.11.20"]
[SourceVersion "1"]
[SourceVersionDate "2013.11.20"]
[SourceQuality "1"]

1. c4 e5 2. g3 Nc6 3. Bg2 g6 4. Nc3 Bg7 5. e4 d6 6. Nge2 f5 7. d3 Nf6 8. 0-0 0-0 9. exf5 Bxf5 10. h3 Be6 11. Nd5 Qd7 12. Kh2 Rae8 13. Be3 Kh8 14. Rc1 Nh5 15. Qd2 Nd4 16. Nxd4 exd4 17. Bg5 c6 18. Nf4 Nxf4 19. Bxf4 Bf5 20. Rce1 h5 21. f3 h4 22. g4 Bxd3 23. Rxe8 Qxe8 24. Re1 Qd7 25. Bg5 Bxc4 26. Re7 Be5+ 27. Kg1 Qxe7 28. Bxe7 Rf4 29. Bxh4 d3 30. Bg3 Bd4+ 31. Bf2 Be5 32. Be3 Rf7 33. f4 Bg7 34. Be4 Re7 35. Bxd3 Bxa2 36. Bxg6 d5 37. Bd4 Bc4 38. Bxg7+ Kxg7 39. Bd3 b5 40. Bxc4 bxc4 41. f5 Re4 42. Qg5+ 1-0

[Event "Mitropa Cup (Women)"]
[Site "Meissen"]
[Date "2013.06.05"]
[Round "5.5"]
[White "Seps, Monika"]
[Black "Novkovic, Julia"]
[Result "1-0"]
[WhiteElo "2244"]
[BlackElo "2132"]
[PlyCount "93"]
[EventDate "2013.06.01"]
[EventType "team-tourn"]
[EventRounds "9"]
[EventCountry "GER"]
[SourceTitle "CBM 154 Extra"]
[Source "ChessBase"]
[SourceDate "2013.06.25"]
[SourceVersion "2"]
[SourceVersionDate "2013.06.25"]
[SourceQuality "1"]
[WhiteTeam "Switzerland (W)"]
[BlackTeam "Austria (W)"]
[WhiteTeamCountry "SUI"]
[BlackTeamCountry "AUT"]

1. d4 Nf6 2. Nf3 g6 3. Bg5 Bg7 4. Nbd2 d5 5. e3 0-0 6. Bd3 b6 7. 0-0 Bb7 8. Qe2 Ne4 9. Bh4 Nxd2 10. Nxd2 c5 11. c3 Nd7 12. Rad1 Qe8 13. f4 c4 14. Bc2 f5 15. Ba4 a6 16. Bxd7 Qxd7 17. Nf3 Bf6 18. Qe1 Qa4 19. a3 Qe8 20. Bg5 Bc6 21. Rd2 Ra7 22. Bh6 Bg7 23. Bxg7 Kxg7 24. Ne5 Ba4 25. h3 e6 26. g4 Rg8 27. Rg2 Kf8 28. Qh4 Qe7 29. Qg3 Qg7 30. Rff2 Ke7 31. Qf3 Kd6 32. h4 Qf8 33. Rg3 a5 34. Rfg2 Rag7 35. Kh2 Be8 36. Qd1 Qe7 37. Kh3 h5 38. gxf5 gxf5 39. Rg5 Rxg5 40. Rxg5 Rg7 41. Qg1 Rh7 42. Rg8 Bf7 43. Rc8 Be8 44. Qg8 Bd7 45. Rb8 Kc7 46. Ra8 Be8 47. Rxe8 1-0

[Event "Palma de Mallorca"]
[Site "Palma de Mallorca"]
[Date "2013.02.21"]
[Round "6.1"]
[White "Ivanov, Jordan"]
[Black "Seps, Monika"]
[Result "1-0"]
[WhiteElo "2354"]
[BlackElo "2241"]
[PlyCount "71"]
[EventDate "2013.02.17"]
[EventType "swiss"]
[EventRounds "9"]
[EventCountry "ESP"]
[SourceTitle "EXT 2024"]
[Source "ChessBase"]
[SourceDate "2023.10.10"]
[SourceVersion "1"]
[SourceVersionDate "2023.10.10"]
[SourceQuality "1"]

1. d4 Nf6 2. c4 g6 3. Nc3 Bg7 4. e4 d6 5. Nf3 0-0 6. Be2 Bg4 7. Be3 Nfd7 8. Rc1 e5 9. d5 a5 10. 0-0 Na6 11. Ne1 Bxe2 12. Qxe2 Nac5 13. Nd3 b6 14. Nxc5 bxc5 15. Nb5 f5 16. f3 Nf6 17. Bd2 Nh5 18. g3 Qd7 19. Rc3 Nf6 20. Ra3 a4 21. Bg5 Ne8 22. Bc1 Nf6 23. Kg2 h5 24. exf5 gxf5 25. Qd1 h4 26. Rxa4 Rxa4 27. Qxa4 f4 28. Qc2 h3+ 29. Kh1 fxg3 30. hxg3 e4 31. Nc3 exf3 32. Rxf3 Re8 33. Bd2 Re5 34. Qg6 Qe7 35. Rf5 Re2 36. Rxf6 1-0

[Event "Zuerich op 36th"]
[Site "Zuerich"]
[Date "2012.12.27"]
[Round "2"]
[White "Stojanovic, Mihajlo"]
[Black "Seps, Monika"]
[Result "1-0"]
[WhiteElo "2566"]
[BlackElo "2259"]
[PlyCount "59"]
[EventDate "2012.12.26"]
[EventType "swiss"]
[EventRounds "7"]
[EventCountry "SUI"]
[SourceTitle "CBM 152 Extra"]
[Source "ChessBase"]
[SourceDate "2013.02.25"]
[SourceVersion "1"]
[SourceVersionDate "2013.02.25"]
[SourceQuality "1"]

1. g3 e5 2. c4 Nf6 3. Bg2 Nc6 4. Nf3 g6 5. 0-0 Bg7 6. Nc3 0-0 7. d3 d6 8. Rb1 Nh5 9. b4 f5 10. b5 Ne7 11. Bd2 h6 12. e3 Be6 13. Nh4 Nf6 14. Bxb7 g5 15. Bxa8 Qxa8 16. Ng2 f4 17. exf4 Bh3 18. f3 exf4 19. gxf4 g4 20. Ne4 Nf5 21. Rf2 Kh8 22. Bc3 gxf3 23. Bxf6 Bxg2 24. Bxg7+ Kxg7 25. Rxf3 Bxf3 26. Qxf3 Qd8 27. Kh1 Qh4 28. Ng3 Nd4 29. Qe4 Rxf4 30. Qxf4 1-0

[Event "SUI-chT"]
[Site "Switzerland"]
[Date "2012.10.21"]
[Round "9.8"]
[White "Kaenel, Hansjuerg"]
[Black "Seps, Monika"]
[Result "0-1"]
[WhiteElo "2374"]
[BlackElo "2250"]
[PlyCount "70"]
[EventDate "2012.03.18"]
[EventType "team-tourn"]
[EventRounds "9"]
[EventCountry "SUI"]
[SourceTitle "EXT 2013"]
[Source "ChessBase"]
[SourceDate "2012.11.22"]
[SourceVersion "1"]
[SourceVersionDate "2012.11.22"]
[SourceQuality "1"]
[WhiteTeam "Riehen"]
[BlackTeam "Reti"]
[WhiteTeamCountry "SUI"]
[BlackTeamCountry "SUI"]

1. Nf3 d6 2. d4 Nf6 3. e3 g6 4. b4 Bg7 5. Bb2 0-0 6. Be2 Nbd7 7. c4 Re8 8. Nc3 e5 9. b5 e4 10. Nd2 h5 11. Qc2 Qe7 12. 0-0 Nf8 13. Nd5 Nxd5 14. cxd5 Bg4 15. Bxg4 hxg4 16. Rfc1 Rac8 17. a4 Nh7 18. a5 Nf6 19. Qb3 Qd7 20. b6 axb6 21. axb6 cxb6 22. Ba3 Bf8 23. g3 Qf5 24. Qxb6 Nh7 25. Qb5 Ng5 26. Kg2 Rxc1 27. Rxc1 Ra8 28. Rc3 Nh3 29. Qe2 b5 30. Rb3 Ra5 31. Bb2 Be7 32. Bc3 Ra2 33. Rxb5 Rc2 34. Rb3 Rc1 35. Rb1 Rxc3 0-1